000 00506nam a2200205Ia 4500
005 20250425162607.0
008 250425s9999 xx 000 0 und d
020 _a9780073380322
041 _aeng
082 _a620.106
100 _aCENGEL, YUNUS A.
245 0 _aFLUID MECHANICS: FUNDAMENTALS AND APPLICATIONS
250 _a3TH ED.
260 _aEstados Unidos
_bMCGRAW-HILL
_c2014
260 _aNEW YORK
300 _a1000
650 _aDINAMICA DE FLUIDOS
942 _c01
010 _a88000
999 _c232420
_d232420